00381nam a2200121Ia 4500008004100000245006500041260003900106260000900145300000700154650002600161650001200187856006000199170516s9999 xx 000 0 und d aMRI features in 17 patients with l2 hydroxyglutaric aciduria bEuropean Journal of Radiology Open c2016 a3: xRadiologic Technology xRadtech uhttp://www.sciencedirect.com/science/journal/23520477/3